Ethics in organ transplantation : perspectives and challenges (Record no. 188532)

MARC details
000 -LEADER
fixed length control field 00452nam a2200157Ia 4500
005 - DATE AND TIME OF LATEST TRANSACTION
control field 20250329094529.0
008 - FIXED-LENGTH DATA ELEMENTS--GENERAL INFORMATION
fixed length control field 231217s9999 xx 000 0 und d
020 ## - INTERNATIONAL STANDARD BOOK NUMBER
International Standard Book Number 9788131420881
082 ## - DEWEY DECIMAL CLASSIFICATION NUMBER
Classification number 174.297954 KHA;1
100 ## - MAIN ENTRY--PERSONAL NAME
Personal name Khadpekar, Nirmala Rao ed.
245 #0 - TITLE STATEMENT
Title Ethics in organ transplantation : perspectives and challenges
260 ## - PUBLICATION, DISTRIBUTION, ETC. (IMPRINT)
Date of publication, distribution, etc. 2008
Name of publisher, distributor, etc. Icfai
Place of publication, distribution, etc. Hyderabad
300 ## - PHYSICAL DESCRIPTION
Extent xii, 257
650 ## - SUBJECT ADDED ENTRY--TOPICAL TERM
Topical term or geographic name as entry element Ethics,organ,transplantation
942 ## - ADDED ENTRY ELEMENTS (KOHA)
Koha item type Books
Holdings
Date last seen Total Checkouts Full call number Accession number Old discount Cost, replacement price Price effective from Category Public note Lost status Damaged status Department Withdrawn status bill no. bill date Permanent Location Current Location Shelving location Entry date Vendor Cost, normal purchase price Grants Currency symbol Conversion rate Discount Discount type
26/01/2024   174.297954 KHA;1 65054   38.00 26/01/2024 Books 65054     Central Library   1993 25/02/2014 Central Library Central Library Central Library 08/09/2010 ICFAI Press 38.00 MBA RS 1   Rupees
26/01/2024   174.297954 KHA;2 R1 65055   38.00 26/01/2024 Books 65055     Central Library   1993 25/02/2014 Central Library Central Library Central Library 08/09/2010 ICFAI Press 38.00 MBA RS 1   Rupees

© For any Suggestions or Query, please contact the library staff @ librarian@pes.edu or Phone: +9180 2672 1983/ 2108.